000 00531nam a2200193 a 4500
005 20220923063517.0
008 020201s1998 mx r 000 0 spa d
020 _a0534348513
035 _aUPN01000115477
049 _aCG
050 4 _aBF503
_bF7.4 1998
100 1 _aFranken, Robert E.,
_d1939-
245 1 0 _aHuman motivation /
_cRobert E. Franken.
250 _a4a ed.
260 _aPacific Grove, Calif. :
_bBrooks/Cole,
_c1998.
300 _a464 p. :
_bil.
650 7 _aMotivación (Psicología)
_2
_95909
905 _aLibro
999 _c88817
_d88817